• 首页
  • 本馆介绍
  • 公告通知
  • 最新文献
  • 馆藏检索
  • 电子资源
  • 读者导购
  • 参考咨询
  • 我的图书馆
  • 登录
  • 详细信息显示
  • 放入我的书架
  • 预约/预借图书
  • 作者相关作品
  • 分类相关作品
  • 丛书相关作品
  • 出版社相关作品

书目信息

  • 表格格式
  • 工作单格式
  • 卡片格式
题名:
出土文献与古籍新诠
    
 
作者: 袁金平 著
分册:  
出版信息: 北京   社会科学文献出版社  2020
页数: 307页
开本: 24cm
丛书名:
单 册:
中图分类: K877.04
科图分类:
主题词: 出土文物--chu tu wen wu--文献--研究--中国
电子资源:
ISBN: 978-7-5201-5963-0
000 00923nam0 2200229 450
001 2159263458
005 20210926145344.0
010    @a978-7-5201-5963-0@dCNY98.00
100    @a20201123d2020 em y0chiy0120 ea
101 0  @achi
102    @aCN@b110000
105    @aa z 000yy
106    @ar
200 1  @a出土文献与古籍新诠@Achu tu wen xian yu gu ji xin quan@f袁金平著
210    @a北京@c社会科学文献出版社@d2020
215    @a307页@c图@d24cm
330    @a本书收录作者学术论文二十四篇,依据研究内容,大体上可分为文字考释、古书校读以及字词关系辨析等几个研究类型,研究材料基本涵盖了两周金文、战国竹简以及秦汉简帛。在研究旨趣上,作者致力于地下出土文字资料与传世古书的互证研究,力图有所创获,为学界研究相关问题提供参考。
606 0  @a出土文物@Achu tu wen wu@x文献@x研究@y中国
690    @aK877.04@v5
701  0 @a袁金平@Ayuan jin ping@f(1979-)@4著
801  0 @aCN@b百万庄@c20210926
905    @b1299572-75@dK877.04@e484@f4
    
    出土文献与古籍新诠/袁金平著.-北京:社会科学文献出版社,2020
    307页:图;24cm
    
    
    ISBN 978-7-5201-5963-0:CNY98.00
    本书收录作者学术论文二十四篇,依据研究内容,大体上可分为文字考释、古书校读以及字词关系辨析等几个研究类型,研究材料基本涵盖了两周金文、战国竹简以及秦汉简帛。在研究旨趣上,作者致力于地下出土文字资料与传世古书的互证研究,力图有所创获,为学界研究相关问题提供参考。
●
相关链接 在E读中查询图书 在五车中查询图书 在当当中查询图书 在豆瓣中查询图书


正题名:出土文献与古籍新诠     索取号:K877.04/484         预约/预借

序号 登录号 条形码 馆藏地/架位号 状态 备注
1 1299572   212995721   第二样本阅览室/ [索取号:K877.04/484] 在馆    
2 1299573   212995730   第二借阅区/ [索取号:K877.04/484] 在馆    
3 1299574   212995749   第二借阅区/ [索取号:K877.04/484] 在馆    
4 1299575   212995758   第二借阅区/ [索取号:K877.04/484] 在馆    
唐山师范学院图书馆 欢迎您!
大连网信软件有限公司© 版权所有